00591nam a2200229Ia 4500008004100000020001800041050000800059050001100067100001900078245003300097245005900130260001400189260001400203260000900217300001600226300002700242300001000269440002100279440001600300650002300316650002200339170203s9999 xx 000 0 und d a9780746057704 aFic bD2739a aDaynes, Katie. aAladdin & his magical lamp / cretold by Katie Daynes ; illustrated by Paddy Mounter. aLondon :  bUsborne,  c2003 a48 pages :  bcolor illustrations ;  c20 cm aYoung reading.,  vSeries one. aAladdin (Tale) --  xJuvenile fiction.